| 000 | 00491nam a2200181Ia 4500 | ||
|---|---|---|---|
| 003 | LK-CoDNM | ||
| 005 | 20240312104952.0 | ||
| 008 | 010623t1928 xxu||||| |||| 00| 1 sin d | ||
| 040 |
_aLK-CoDNM _dLK-CoDNM _eLK-CoDNM |
||
| 041 | _asin | ||
| 080 | _a104 CC2 | ||
| 100 | _aPerera,Theodore.G. | ||
| 245 | _aගණිත ශාස්ත්රය | ||
| 246 | _aArithmatic | ||
| 260 |
_bThe Christian Literature Society _aColombo _c1928 |
||
| 300 |
_bDamaged _a174,XIIIp.,18 cm |
||
| 942 | _cBK | ||
| 999 |
_c94435 _d94435 |
||